000 00648nam a2200241Ia 4500
003 OSt
005 20220918174217.0
006 a|||||r|||| 00| 0
007 ta
008 220917b |||||||| |||| 00| 0 eng d
024 _a11,115
037 _cTextual
040 _aARTS
_cARTS
_beng
041 _2eng
_aeng
082 _aM2v6:N5, J6 (906)
100 _aKitchen Helen ed
_949503
245 0 _aPress in Africa
260 _aWashington
_bRuth sloan associates, Inc.
_c1956
300 _a95
_ccm.
650 _aINDUSTRIAL ARTS
942 _hM2v6:N5, J6 (906)
_cTEXL
_2CC
999 _c152233
_d152233